| 000 | 00559nam a22001937a 4500 | ||
|---|---|---|---|
| 003 | OSt | ||
| 005 | 20140310182325.0 | ||
| 008 | 130921t xxu||||| |||| 00| 0 eng d | ||
| 020 | _a9870673358736 | ||
| 050 |
_aCL 581 _b.D631li 1994 |
||
| 082 |
_aGS 507.8 _bDIS 1994 M-F |
||
| 245 | _aliving off the land | ||
| 260 |
_aGlenview, Illinois : _bScottforesman, _c1994 M-F. |
||
| 300 |
_a48 p. : _bcol. ; _c 29 cm. |
||
| 440 |
_aDiscover the wonder / _nmodule F _921253 |
||
| 650 |
_aScience experiment _921254 |
||
| 942 |
_2lcc _cBK-GS _eGS |
||
| 999 |
_c11882 _d11882 |
||